| 000 | 00607nam a22001697a 4500 | ||
|---|---|---|---|
| 999 |
_c8672 _d8672 |
||
| 003 | AR-CdUCM | ||
| 008 | 190325b ||||| |||| 00| 0 spa d | ||
| 040 |
_aMUNICIPALIDAD PROVINCIAL DEL CUSCO _cBIBLIOTECA MUNICIPAL DEL CUSCO |
||
| 082 |
_a633.7 / _bCH13 |
||
| 100 |
_aChacon Rosasco, César _924238 |
||
| 245 |
_aCoca : _bLa hoja sagrada de los incas, la verdadera historia / |
||
| 260 |
_aPerú : _bPiki E.I.R.L. , _c2001. |
||
| 300 |
_a54 páginas ; _c16 cm. |
||
| 505 | _aContenido : La Hoja sagrada de los Incas antecedentes Historicos -- La Coca -- Bibliografica | ||
| 942 |
_2ddc _cLIBROS |
||
| 945 | _artm | ||